000 01011nam0a22003011 4500
001 v19\rc\1987321
005 20251118181339.6
035 _a(NLR Aleph) 005082879
090 _a7215464
_c7215464
100 _a20080811d1915 u y0rusy50 ca
101 0 _arus
102 _aRU
105 _ay z |||||
200 1 _aКаждый сам себе врач, или Власть духа над телом
_e(Новый способ лечения болезней без докторов и лекарств)
_fА.П. Ошин
205 _a2-е изд., перераб. и доп.
210 _aМосква
_d1915
215 _a235 с.
_d19
517 0 _aВласть духа над телом
700 1 _aОшин
_bА.П.
_gАвгуст Петрович
801 0 _aRU
_bNLR
_gpsbo
801 0 _aRU
_bRuMoRGB
_2psbo
801 1 _aRU
_bProSoft-M
_2rusmarc
852 _aNLR
_j37.66.2.19
899 _aRuMoRGB
_jV 73/456
899 _aRuMoRGB
_jФ 1-70/19253
899 _aБАН
942 _cBOOK
980 _aNB